00997cam a22002654a 4500999001500000001000600015003000900021005001700030008004100047040003300088082001900121245015300140260003800293300004500331504005100376650002500427650002200452650003100474650004000505650001800545650002100563700001800584942001200602952011700614 c7601d760112917BD-DhUAP20210125145448.0010131s2004 coua b 001 0 eng c aDNLM/DLCcDLCdBD-DhUAPbeng00a615.14 PHA22300aPharmaceutical preformulation and formulation :ba practical guide from candidate drug selection to commercial dosage form /cedited by Mark Gibson. aLondon :bInterpharm/CRC,cc2004. axi, 596 pages :billustrations ;c26 cm. aIncludes bibliographical references and index. 0aDrugsxDosage forms.12aDrug Compounding.22aBiopharmaceuticsxmethods.22aChemistry, Pharmaceuticalxmethods.22aDosage Forms.22aDrug Evaluation.1 aGibson, Mark. 2ddccBK 00102ddc4070aUAPCLbUAPCLcReserve Stacksd2021-01-25o615.14 PHAp3010012917r2021-01-25t1w2021-01-25yBK